[Event "2.ligaD04/05-6"]
[Site "?"]
[Date "2005.01.16"]
[Round "6.4"]
[White "Novy, Martin"]
[Black "Bukacek, Lubomir"]
[Result "1/2-1/2"]
[WhiteElo "2152"]
[BlackElo "2109"]
[PlyCount "42"]
[EventDate "2005.??.??"]

{192MB, Fritz8.ctg, HOME-2ZGNFSPZPY} 1. d4 c5 2. c3 e6 3. Nf3 Nf6 4. Bg5 Nc6 5.
e3 d5 6. Nbd2 h6 7. Bh4 Be7 8. Bd3 Qb6 9. Qc1 Bd7 10. O-O Rc8 11. dxc5 Qxc5 12.
e4 d4 13. cxd4 Nxd4 14. Qxc5 Nxf3+ 15. Nxf3 Rxc5 16. Nd2 O-O 17. f3 Bb5 18.
Bxb5 Rxb5 19. Nc4 Rc5 20. Ne3 Rfc8 21. Rfd1 a5 1/2-1/2

[Event "2.ligaD04/05-6"]
[Site "?"]
[Date "2005.01.16"]
[Round "6.5"]
[White "Vasut, Karel"]
[Black "Binder, Jaroslav"]
[Result "1-0"]
[WhiteElo "2136"]
[BlackElo "1987"]
[PlyCount "55"]
[EventDate "2005.??.??"]

{192MB, Fritz8.ctg, HOME-2ZGNFSPZPY} 1. b4 e5 2. Bb2 d6 3. e3 Nf6 4. c4 Be7 5.
Nc3 O-O 6. Be2 c6 7. Qb3 Be6 8. Nf3 Nbd7 9. d4 exd4 10. Nxd4 d5 11. c5 Re8 12.
h3 Nf8 13. O-O Qd7 14. f4 Bxh3 15. gxh3 Qxh3 16. Rf3 Qg4+ 17. Kf2 Qh4+ 18. Kg2
Qg4+ 19. Rg3 Qd7 20. Qc2 Ne4 21. Nxe4 dxe4 22. Nxc6 Ng6 23. Nxe7+ Rxe7 24. Rh1
Rd8 25. Qc3 f6 26. Bc4+ Kh8 27. Rxg6 Qd2+ 28. Kg3 1-0

[Event "2.ligaD04/05-6"]
[Site "?"]
[Date "2005.01.16"]
[Round "6.6"]
[White "Sedlacek, Petr"]
[Black "Carbol, Jaroslav"]
[Result "1/2-1/2"]
[WhiteElo "1987"]
[BlackElo "2095"]
[PlyCount "63"]
[EventDate "2005.??.??"]

{192MB, Fritz8.ctg, HOME-2ZGNFSPZPY} 1. e4 c5 2. Nf3 d6 3. d4 cxd4 4. Nxd4 Nf6
5. Nc3 a6 6. Be2 e6 7. O-O Be7 8. Be3 b5 9. a3 Bb7 10. f3 O-O 11. Qe1 Nbd7 12.
Qf2 Qc7 13. Rad1 d5 14. exd5 Nxd5 15. Nxd5 Bxd5 16. Rd2 Nf6 17. Bd3 Bc4 18. Nb3
Nd5 19. Bc5 Bg5 20. Re2 Rfc8 21. Bd4 Nf4 22. Re5 f6 23. Rc5 Qf7 24. Bxc4 bxc4
25. Na5 e5 26. Be3 Rxc5 27. Bxc5 Qd5 28. b4 cxb3 29. Nxb3 Rc8 30. Be3 Rc3 31.
Bxf4 Bxf4 32. Qe2 1/2-1/2

[Event "2.ligaD04/05-6"]
[Site "?"]
[Date "2005.01.16"]
[Round "6.7"]
[White "Fisar, Josef"]
[Black "Sladek, Vladislav"]
[Result "1/2-1/2"]
[WhiteElo "2038"]
[BlackElo "1894"]
[PlyCount "46"]
[EventDate "2005.??.??"]

{192MB, Fritz8.ctg, HOME-2ZGNFSPZPY} 1. f4 d5 2. Nf3 Nf6 3. e3 c6 4. b3 Bg4 5.
Be2 Nbd7 6. Bb2 e6 7. O-O Bd6 8. Ne5 Bxe2 9. Qxe2 Qc7 10. Nxd7 Qxd7 11. c4 dxc4
12. bxc4 Be7 13. d4 O-O 14. Nd2 c5 15. g4 e5 16. fxe5 Qxg4+ 17. Qg2 Qxg2+ 18.
Kxg2 Ng4 19. Rf3 Rad8 20. Rd1 Bg5 21. Kh3 h5 22. d5 Bxe3 23. Ne4 Bd4 1/2-1/2

[Event "2.ligaD04/05-6"]
[Site "?"]
[Date "2005.01.16"]
[Round "6.8"]
[White "Cizek, Antonin"]
[Black "Pavlis, Jaromir"]
[Result "1/2-1/2"]
[WhiteElo "2330"]
[BlackElo "2109"]
[PlyCount "46"]
[EventDate "2005.??.??"]

{Fritz8.ctg, HOME-2ZGNFSPZPY} 1. e4 e5 2. Nf3 Nc6 3. Bb5 a6 4. Ba4 d6 5. c4 Bd7
6. d4 Nxd4 7. Nxd4 exd4 8. Bxd7+ Qxd7 9. Qxd4 Nf6 10. O-O Be7 11. Nc3 O-O 12.
Rd1 Qe6 13. b3 Ne8 14. Nd5 Bf6 15. Nxf6+ Qxf6 16. Bb2 Qxd4 17. Bxd4 f5 18. e5
dxe5 19. Bxe5 Rf7 20. Rd2 Re7 21. f4 Kf7 22. Kf2 Nf6 23. Bxf6 Kxf6 1/2-1/2

[Event "2.ligaD04/05-7"]
[Site "?"]
[Date "????.??.??"]
[Round "?"]
[White "Holemar, David"]
[Black "Riska, Lubomir"]
[Result "1/2-1/2"]
[WhiteElo "2326"]
[BlackElo "2207"]
[PlyCount "126"]
[EventDate "2005.02.06"]

1. d4 Nf6 2. c4 e6 3. Nc3 c5 4. d5 exd5 5. cxd5 d6 6. e4 g6 7. f4 Bg7 8. Nf3
O-O 9. Be2 Re8 10. e5 dxe5 11. fxe5 Ng4 12. e6 fxe6 13. d6 Bd7 14. Ng5 Ne5 15.
O-O Bc6 16. Nge4 Nbd7 17. Bg5 Qb6 18. Qd2 Qb4 19. Qc2 c4 20. Kh1 Rac8 21. a3
Qa5 22. Be7 Bf8 23. Bf6 Bg7 24. Be7 Bf8 25. Bh4 Bg7 26. Rad1 b5 27. Be7 Bf8 28.
Bf6 Bg7 29. Be7 Bf8 30. Bg5 Bg7 31. Qc1 Qb6 32. Be7 Qb7 33. Qe3 a5 34. Bf3 Nxf3
35. gxf3 b4 36. axb4 axb4 37. Ng5 Ne5 38. Nce4 Bd5 39. Nf6+ Bxf6 40. Bxf6 Nd7
41. Be7 c3 42. bxc3 bxc3 43. Nxe6 c2 44. Rc1 Rc4 45. Nc7 Rb8 46. Qd3 Nb6 47.
Rf2 Qc6 48. Nxd5 Qxd5 49. Qxd5+ Nxd5 50. Bg5 Rb7 51. Rd2 Rc5 52. Rcxc2 Rxc2 53.
Rxc2 Kf7 54. Rc6 Ke6 55. Bh6 Rd7 56. Bf8 Kf7 57. Rc8 Nb6 58. Rb8 Nc4 59. Kg2
Nxd6 60. Bxd6 Rxd6 61. Rb7+ Kg8 62. Kg3 Rf6 63. f4 Rf7 1/2-1/2

[Event "2.ligaD04/05-7"]
[Site "?"]
[Date "????.??.??"]
[Round "?"]
[White "Skaroupka, Jiri"]
[Black "Nehybka, Jiri"]
[Result "1/2-1/2"]
[WhiteElo "2135"]
[BlackElo "2195"]
[PlyCount "53"]
[EventDate "2005.02.06"]

1. d4 d5 2. c4 e6 3. Nc3 Nf6 4. Bg5 Nbd7 5. cxd5 exd5 6. e3 c6 7. Bd3 Be7 8.
Nge2 O-O 9. Qc2 Re8 10. O-O Nf8 11. f3 Be6 12. Rae1 Rc8 13. Kh1 N6d7 14. Bxe7
Qxe7 15. e4 dxe4 16. fxe4 c5 17. d5 c4 18. dxe6 Nxe6 19. Nd5 Qc5 20. Rc1 cxd3
21. Qxd3 Qf8 22. Ng3 Nb6 23. Nxb6 axb6 24. Qd5 Rxc1 25. Rxc1 Rc8 26. Rxc8 Qxc8
27. Qd2 1/2-1/2

[Event "2.ligaD04/05-7"]
[Site "?"]
[Date "????.??.??"]
[Round "?"]
[White "Skacelik, Petr"]
[Black "Molik, Zdenek"]
[Result "1/2-1/2"]
[WhiteElo "2250"]
[BlackElo "2203"]
[PlyCount "85"]
[EventDate "2005.02.06"]

1. d4 c5 2. d5 Nf6 3. c4 b5 4. cxb5 a6 5. f3 axb5 6. e4 Qa5+ 7. b4 Qxb4+ 8. Bd2
Qa4 9. Qc1 b4 10. Qxc5 Na6 11. Bxa6 e6 12. d6 Bxa6 13. Bxb4 Rc8 14. Nc3 Qc2 15.
Qa5 Bxd6 16. Bxd6 Rxc3 17. Qxa6 Rc6 18. Qa8+ Rc8 19. Qa5 Qxg2 20. Qa6 Rd8 21.
Rb1 Nxe4 22. fxe4 Qxe4+ 23. Kf2 Qxb1 24. Kg2 Qe4+ 25. Nf3 Ra8 26. Rc1 f5 27.
Qc4 Qxc4 28. Rxc4 Rxa2+ 29. Kg3 Ra8 30. Ne5 g5 31. Rc7 Rd8 32. Nc6 Kf7 33. Ne5+
Kf6 34. Nxd7+ Rxd7 35. Rxd7 h5 36. Be7+ Kg6 37. Rd6 f4+ 38. Kf3 Kf5 39. Bxg5
Kxg5 40. Rxe6 Rf8 41. Re4 h4 42. Re5+ Rf5 43. Re8 1/2-1/2

[Event "2.ligaD04/05-7"]
[Site "?"]
[Date "????.??.??"]
[Round "?"]
[White "Vlk, Miroslav"]
[Black "Moulis, Mojmir"]
[Result "1-0"]
[WhiteElo "2115"]
[BlackElo "2106"]
[PlyCount "121"]
[EventDate "2005.02.06"]

1. d4 d5 2. c4 c6 3. Nc3 g6 4. Nf3 Bg7 5. cxd5 cxd5 6. Qb3 Nf6 7. Bg5 O-O 8. e3
e6 9. Bd3 Nc6 10. O-O Qa5 11. a3 a6 12. Rac1 Bd7 13. Bxf6 Bxf6 14. Qxb7 Rfd8
15. Qb3 Be8 16. Be2 Rac8 17. Qa2 Na7 18. b4 Qb6 19. Qb3 Nb5 20. h3 Nd6 21. Na4
Qa7 22. Nc5 a5 23. Nd2 a4 24. Qb1 Nb5 25. Bxb5 Bxb5 26. Rfe1 e5 27. dxe5 Bxe5
28. Nf3 Bg7 29. Nd4 Bc4 30. Red1 Bf8 31. Nd3 Bd6 32. Qb2 Rc7 33. Nf3 Rdc8 34.
Nde5 Bb3 35. Re1 Rc2 36. Rxc2 Rxc2 37. Qa1 Qc7 38. Ng4 Qc3 39. Nd4 Qxa1 40.
Rxa1 Ra2 41. Rxa2 Bxa2 42. Nf6+ Kh8 43. Nd7 Kg7 44. Nc5 Bxc5 45. bxc5 Kf6 46.
f4 Ke7 47. Kf2 Kd7 48. Ke1 h5 49. h4 Kc7 50. Kd2 Bc4 51. Kc3 Kb7 52. Kb4 Ka6
53. Kxa4 Bf1 54. g3 Bh3 55. Kb4 Bg4 56. a4 Bh3 57. c6 Bf1 58. a5 Bc4 59. Kc5
Kxa5 60. c7 Ba6 61. Nc6+ 1-0

[Event "2.ligaD04/05-7"]
[Site "?"]
[Date "????.??.??"]
[Round "?"]
[White "Simbera, Jiri"]
[Black "Dobes, Oldrich"]
[Result "1/2-1/2"]
[WhiteElo "2097"]
[BlackElo "2066"]
[PlyCount "124"]
[EventDate "2005.02.06"]

1. Nf3 Nf6 2. b3 e6 3. Bb2 d5 4. e3 Be7 5. Ne5 O-O 6. Bd3 Nbd7 7. O-O Nxe5 8.
Bxe5 Nd7 9. Bb2 Nc5 10. Be2 b6 11. d4 Nd7 12. Nd2 Bb7 13. c4 c5 14. cxd5 Bxd5
15. Rc1 cxd4 16. Bxd4 Bf6 17. Bf3 Bxf3 18. Nxf3 e5 19. Bb2 Re8 20. Qc2 Rc8 21.
Qb1 Qe7 22. Rfd1 Nc5 23. Ba3 e4 24. Nd2 g6 25. Bxc5 Rxc5 26. Rxc5 bxc5 27. Nc4
Rd8 28. h3 Rxd1+ 29. Qxd1 Bc3 30. Qd5 Kg7 31. Kf1 f5 32. Nd6 Be5 33. Nc8 Qc7
34. Nxa7 Qxa7 35. Qxe5+ Kg8 36. Qd5+ Kg7 37. a4 Qa5 38. Qd1 Kf7 39. g4 Qc3 40.
gxf5 gxf5 41. Kg2 Kg6 42. Qd6+ Kf7 43. Qd5+ Kf6 44. Qc4 Qe5 45. a5 Ke7 46. a6
Qg7+ 47. Kf1 Qa1+ 48. Ke2 Qa2+ 49. Kd1 Qa1+ 50. Qc1 Qxa6 51. Qxc5+ Kf6 52. Qd4+
Kg6 53. Kc2 h5 54. h4 Qa2+ 55. Qb2 Qa6 56. Kd2 Qf1 57. Kc3 Qd3+ 58. Kb4 Qd6+
59. Kb5 Qd5+ 60. Kb4 Qd6+ 61. Kc4 Qc6+ 62. Kb4 Qd6+ 1/2-1/2

[Event "2.ligaD04/05-7"]
[Site "?"]
[Date "????.??.??"]
[Round "?"]
[White "Mlensky, Dalibor"]
[Black "Kucera, Vladislav"]
[Result "1-0"]
[WhiteElo "2063"]
[BlackElo "2053"]
[PlyCount "89"]
[EventDate "2005.02.06"]

1. e4 e5 2. f4 Bc5 3. Nf3 d6 4. Nc3 Nf6 5. Bc4 Nc6 6. d3 h6 7. Na4 Bb6 8. Nxb6
axb6 9. a3 Qe7 10. O-O O-O 11. Qe1 Be6 12. Bxe6 Qxe6 13. f5 Qe7 14. Bd2 Nh7 15.
c3 f6 16. Qg3 Qf7 17. Bxh6 Ne7 18. c4 Kh8 19. Be3 Rg8 20. Nh4 g6 21. fxg6 Nxg6
22. Qf2 Nxh4 23. Qxh4 Rg6 24. Rf5 Rag8 25. g3 Rg4 26. Qh3 R8g6 27. Raf1 Kg8 28.
R1f3 Qg7 29. Qf1 Kf7 30. b4 Nf8 31. c5 Nd7 32. cxd6 cxd6 33. Qc1 Qh8 34. Qc7
Ke7 35. Qxb7 Rh4 36. Rxf6 Rxf6 37. Rxf6 Qxf6 38. gxh4 Qxh4 39. Bxb6 Qe1+ 40.
Kg2 Qe2+ 41. Bf2 Qg4+ 42. Bg3 Qe2+ 43. Kh3 Qh5+ 44. Bh4+ Ke6 45. Qd5# 1-0

[Event "2.ligaD04/05-7"]
[Site "?"]
[Date "????.??.??"]
[Round "?"]
[White "Komprda, Pavel"]
[Black "Talpa, Pavel"]
[Result "1/2-1/2"]
[WhiteElo "2090"]
[BlackElo "1871"]
[PlyCount "114"]
[EventDate "2005.02.06"]

1. e4 d5 2. exd5 Nf6 3. Bb5+ Bd7 4. Bc4 b5 5. Bb3 Bg4 6. f3 Bf5 7. Qe2 a6 8. c4
bxc4 9. Qxc4 Qd6 10. d4 e5 11. Ne2 Qb4+ 12. Nbc3 Qxc4 13. Bxc4 Bd6 14. dxe5
Bxe5 15. Bf4 Bxf4 16. Nxf4 Nbd7 17. Kf2 O-O 18. g4 Bg6 19. Rhe1 Nb6 20. Bb3 Kh8
21. h4 h5 22. Kg3 hxg4 23. fxg4 Rae8 24. h5 Bh7 25. g5 Ne4+ 26. Kg4 Nf2+ 27.
Kf3 Nd3 28. Rxe8 Rxe8 29. d6 Ne5+ 30. Kg3 cxd6 31. Re1 Rf8 32. Ne4 Bxe4 33.
Rxe4 Rc8 34. Re2 a5 35. g6 a4 36. Bxf7 Rc1 37. Rh2 Rg1+ 38. Kf2 Rb1 39. Kg3
Rg1+ 40. Rg2 Rxg2+ 41. Kxg2 Nbc4 42. Ne6 Ng4 43. Kg3 Nce5 44. Be8 Nf6 45. Bxa4
Nxh5+ 46. Kh4 Nf6 47. Bc2 Nd5 48. a4 Nb4 49. Bb1 d5 50. Kg5 Nc4 51. Nc5 Nxb2
52. a5 d4 53. Kf4 d3 54. a6 Nxa6 55. Nxa6 d2 56. Bc2 d1=Q 57. Bxd1 Nxd1 1/2-1/2

[Event "2.ligaD04/05-7"]
[Site "?"]
[Date "????.??.??"]
[Round "?"]
[White "Beseda, Robert"]
[Black "Kubicek, Pavel"]
[Result "0-1"]
[WhiteElo "1935"]
[BlackElo "1891"]
[PlyCount "78"]
[EventDate "2005.02.06"]

1. e4 e6 2. d4 d5 3. Bd3 dxe4 4. Bxe4 c5 5. d5 Nf6 6. Bg5 Qa5+ 7. Bd2 Qb6 8.
Bf3 Nxd5 9. Nc3 Nxc3 10. Bxc3 Nc6 11. Ne2 Bd7 12. Qd2 O-O-O 13. O-O f6 14. Nf4
Be7 15. Rfe1 Rhe8 16. Qd3 g5 17. Nh5 e5 18. Qxh7 Rh8 19. Qf7 Rdf8 20. Qg7 Qd8
21. Rad1 Nd4 22. Bxd4 cxd4 23. Rxd4 exd4 24. Rxe7 Re8 25. Bxb7+ Kb8 26. Rxe8
Rxe8 27. g3 Kxb7 28. Nxf6 Re1+ 29. Kg2 Re7 30. Qxg5 Bc6+ 31. Kh3 Qh8+ 32. Nh5
Re5 33. Qg7+ Qxg7 34. Nxg7 Re2 35. f4 Rxc2 36. Ne6 Bd7 37. f5 Bxe6 38. fxe6 d3
39. e7 Re2 0-1

[Event "2.ligaD04/05-7"]
[Site "?"]
[Date "2005.??.??"]
[Round "?"]
[White "Mlynek, Petr"]
[Black "Tuma, Jiri"]
[Result "1/2-1/2"]
[WhiteElo "2216"]
[BlackElo "2240"]
[PlyCount "140"]
[EventDate "2005.02.06"]

1. d4 d5 2. c4 c6 3. Nc3 Nf6 4. Nf3 e6 5. e3 Nbd7 6. Bd3 dxc4 7. Bxc4 b5 8. Bd3
Bb7 9. e4 b4 10. Na4 c5 11. e5 Nd5 12. O-O cxd4 13. Re1 g6 14. Bg5 Qa5 15. Nxd4
Bg7 16. Bb5 Rc8 17. Rc1 a6 18. Bxd7+ Kxd7 19. Nb3 Rxc1 20. Qxc1 Qc7 21. Nac5+
Kc8 22. Nxb7 Kxb7 23. Nc5+ Ka8 24. Qc4 Qc6 25. Rc1 Bxe5 26. Nxa6 Qxc4 27. Rxc4
h6 28. Bh4 Bd6 29. Bg3 e5 30. a3 f5 31. f3 bxa3 32. bxa3 Rd8 33. Nb4 Ne3 34.
Rc1 Kb7 35. Bf2 f4 36. Bxe3 fxe3 37. Kf1 Ra8 38. Nc2 Bc5 39. Ke2 Bd4 40. Rb1+
Kc6 41. Rb3 Bc5 42. Nxe3 Rxa3 43. Rxa3 Bxa3 44. Ng4 Kd5 45. Nxh6 Bc1 46. Ng4
Kd4 47. Nf6 Bg5 48. Ne4 Be7 49. g3 Bd8 50. h4 Be7 51. Nf2 Bd8 52. Ng4 Be7 53.
Ne3 Bd8 54. Ng2 Bf6 55. g4 Be7 56. g5 Kd5 57. Kd3 Bb4 58. Ne3+ Ke6 59. Ke4 Be1
60. Ng2 Bf2 61. f4 exf4 62. Kxf4 Kf7 63. Kg4 Bd4 64. h5 gxh5+ 65. Kxh5 Bc3 66.
Nh4 Bd2 67. g6+ Kg8 68. Nf5 Bc1 69. g7 Kf7 70. Nh6+ Kxg7 1/2-1/2

[Event "2.ligaD04/05-7"]
[Site "?"]
[Date "2005.??.??"]
[Round "?"]
[White "Senkyr, Vladimir"]
[Black "Donnert, Milan"]
[Result "1-0"]
[WhiteElo "2149"]
[BlackElo "2196"]
[PlyCount "65"]
[EventDate "2005.02.06"]

1. Nf3 Nf6 2. g3 g6 3. Bg2 Bg7 4. d3 d5 5. Nbd2 c6 6. O-O O-O 7. c4 Re8 8. Ne5
Nbd7 9. Nxd7 Bxd7 10. Rb1 Qc7 11. Qc2 Rac8 12. b4 e5 13. e4 Be6 14. Nb3 b6 15.
c5 Qd7 16. Rd1 Bh3 17. a4 Bxg2 18. Kxg2 Nh5 19. f3 Bf8 20. Be3 Qd8 21. cxb6
axb6 22. a5 c5 23. bxc5 bxa5 24. Qa2 d4 25. Bd2 Bxc5 26. Qxa5 Qd6 27. Qb5 Ba3
28. Na5 Rb8 29. Qa4 Ra8 30. Rb7 Qa6 31. Qb3 Be7 32. Rc1 Ra7 33. Rc6 1-0

[Event "2.ligaD04/05-7"]
[Site "?"]
[Date "2005.??.??"]
[Round "?"]
[White "Belousek, Michal"]
[Black "Svihel, Karel"]
[Result "1-0"]
[WhiteElo "2146"]
[BlackElo "2166"]
[PlyCount "81"]
[EventDate "2005.02.06"]

1. d4 Nf6 2. Nf3 g6 3. Bf4 Bg7 4. Nbd2 d6 5. e3 Nbd7 6. Bc4 O-O 7. c3 Qe8 8. h3
e5 9. Bh2 e4 10. Ng1 Nb6 11. Bb3 a5 12. Ne2 Qe7 13. a4 d5 14. Nf4 c6 15. Rc1
Be6 16. O-O Bf5 17. c4 Rac8 18. c5 Nbd7 19. Ba2 Ra8 20. b4 axb4 21. Qb3 Ra7 22.
Qxb4 Rfa8 23. Bb3 b6 24. g4 bxc5 25. dxc5 Be6 26. Rfd1 h5 27. Nxe6 Qxe6 28. g5
Nh7 29. h4 Qg4+ 30. Bg3 Bb2 31. Rb1 Rb8 32. Qxb8+ Nxb8 33. Rxb2 Rb7 34. Rdb1
Nd7 35. Bd1 Rxb2 36. Bxg4 Rxb1+ 37. Nxb1 hxg4 38. Bd6 Nhf8 39. a5 Ne6 40. a6
Nexc5 41. Bxc5 1-0

[Event "2.ligaD04/05-7"]
[Site "?"]
[Date "2005.??.??"]
[Round "?"]
[White "Zavadil, Michal"]
[Black "Jelinek, Vaclav"]
[Result "1-0"]
[WhiteElo "2083"]
[BlackElo "2131"]
[PlyCount "83"]
[EventDate "2005.02.06"]

1. d4 g6 2. c4 Bg7 3. Nc3 Nf6 4. e4 d6 5. Be2 O-O 6. Bg5 c5 7. d5 h6 8. Be3 Na6
9. h3 Nc7 10. Nf3 a6 11. a4 Rb8 12. O-O Bd7 13. e5 Nh7 14. Qd2 h5 15. Bf4 Ne8
16. Bd3 dxe5 17. Nxe5 Rc8 18. Rfe1 Nd6 19. Re2 Bf5 20. Rae1 Re8 21. Nf3 Bxd3
22. Qxd3 Qd7 23. Be5 Nf6 24. b3 Nf5 25. Ne4 b5 26. Bxf6 bxc4 27. Qxc4 Nd4 28.
Bxd4 cxd4 29. Qxa6 Qxd5 30. Qd3 e5 31. Qa6 Qxb3 32. Nxd4 Qd5 33. Qd6 Qa8 34.
Nf3 Red8 35. Qe7 Re8 36. Nf6+ Bxf6 37. Qxf6 Re6 38. Qg5 Qxa4 39. Rxe5 Rxe5 40.
Qxe5 Qb4 41. Ng5 Qc4 42. Ne4 1-0

[Event "2.ligaD04/05-7"]
[Site "?"]
[Date "2005.??.??"]
[Round "?"]
[White "Motacek, Vladimir"]
[Black "Komarek, David"]
[Result "1/2-1/2"]
[WhiteElo "2061"]
[BlackElo "2141"]
[PlyCount "26"]
[EventDate "2005.02.06"]

1. e4 e6 2. g3 d5 3. exd5 exd5 4. Bg2 Nf6 5. Ne2 Bd6 6. d4 Bf5 7. c4 Nc6 8. c5
Be7 9. a3 Qd7 10. Nbc3 Nd8 11. b4 c6 12. Nf4 Ne6 13. Nce2 Nxf4 1/2-1/2

[Event "2.ligaD04/05-7"]
[Site "?"]
[Date "2005.??.??"]
[Round "?"]
[White "Lamser, Miroslav"]
[Black "Pochyly, Jan"]
[Result "1-0"]
[WhiteElo "2066"]
[BlackElo "2022"]
[PlyCount "72"]
[EventDate "2005.02.06"]

1. d4 d5 2. Nf3 Nf6 3. Bg5 Nbd7 4. e3 c6 5. Bd3 e6 6. O-O Be7 7. c4 O-O 8. Nc3
dxc4 9. Bxc4 b5 10. Bd3 a6 11. Rc1 c5 12. dxc5 Nxc5 13. Bb1 b4 14. Ne2 Nfe4 15.
Qxd8 Bxd8 16. Bf4 Be7 17. Rc4 Nf6 18. Rfc1 Ncd7 19. Ned4 Nb6 20. R4c2 Bd7 21.
Nc6 Bxc6 22. Rxc6 Rfc8 23. e4 Rxc6 24. Rxc6 Na4 25. Rc7 Bd8 26. Rb7 a5 27. Ne5
Nc5 28. Rb5 Ncxe4 29. Nc6 Rc8 30. Nxa5 Nd5 31. Bxe4 Nxf4 32. Nb3 Be7 33. g3 Ng6
34. Nd4 f5 35. Bb7 Rc1+ (35... Rc5 36. Rb6 Rc1+ 37. Kg2 Bc5 38. Rc6 Kf7 39. Nb3
) 36. Kg2 Bc5 1-0

[Event "2.ligaD04/05-7"]
[Site "?"]
[Date "2005.??.??"]
[Round "?"]
[White "Strnad, Josef"]
[Black "Jaros, Mojmir"]
[Result "0-1"]
[WhiteElo "2065"]
[BlackElo "2065"]
[PlyCount "76"]
[EventDate "2005.02.06"]

1. Nf3 Nf6 2. c4 d6 3. d4 Bg4 4. e3 c6 5. Nc3 Nbd7 6. Be2 e5 7. Qc2 Be7 8. O-O
O-O 9. b3 Re8 10. Bb2 Bf8 11. dxe5 dxe5 12. h3 Bh5 13. e4 Nc5 14. Rfd1 Qc7 15.
b4 Bxf3 16. Bxf3 Ne6 17. Qa4 Nd4 18. Rd3 Nd7 19. Bg4 Nb6 20. Qd1 Nxc4 21. Bc1
Bxb4 22. Rb1 Bxc3 23. Rxc3 b5 24. Rxc4 bxc4 25. Qa4 Rab8 26. Rxb8 Qxb8 27. Qxc4
Qb5 28. Qc3 Qb1 29. Kh2 Qc2 30. Qxc2 Nxc2 31. Bd7 Rd8 32. Bxc6 Nb4 33. Bb5 Nxa2
34. Be3 a5 35. Bc4 Nc3 36. Bb6 Rd4 37. Bd5 Nxd5 38. exd5 Rxd5 0-1

[Event "2.ligaD04/05-7"]
[Site "?"]
[Date "????.??.??"]
[Round "?"]
[White "Brychta, Jan"]
[Black "Kavan, Zdenek"]
[Result "1/2-1/2"]
[WhiteElo "2202"]
[BlackElo "2190"]
[PlyCount "49"]
[EventDate "2005.02.06"]

{192MB, Fritz8.ctg, V-ZIGO} 1. e4 Nf6 2. d3 d6 3. g3 Bg4 4. f3 Bd7 5. Bg2 c5 6.
Be3 g6 7. Qd2 Nc6 8. Ne2 Qc8 9. h3 h5 10. c3 Bg7 11. Na3 Rb8 12. d4 b6 13. d5
Na5 14. c4 Qa6 15. Rc1 b5 16. e5 Nh7 17. e6 fxe6 18. dxe6 Bc6 19. cxb5 Bxb5 20.
Nxb5 Qxb5 21. b3 Nf8 22. Nf4 Nc6 23. Bf1 Qb7 24. Bg2 Qb5 25. Bf1 1/2-1/2

[Event "2.ligaD04/05-7"]
[Site "?"]
[Date "????.??.??"]
[Round "?"]
[White "Dvorak, Libor"]
[Black "Svanda, Pavel"]
[Result "0-1"]
[WhiteElo "2021"]
[BlackElo "2244"]
[PlyCount "80"]
[EventDate "2005.02.06"]

{192MB, Fritz8.ctg, V-ZIGO} 1. Nf3 d5 2. c4 Nf6 3. g3 Nc6 4. cxd5 Nxd5 5. d4
Nb6 6. Nc3 Bg4 7. Bg2 e6 8. O-O Be7 9. Bf4 O-O 10. Rc1 g5 11. Ne5 Nxe5 12. Bxe5
c6 13. h3 Bh5 14. g4 Bg6 15. e4 Nc4 16. Bg3 Bf6 17. b3 Nb6 18. Ne2 a5 19. a4
Bg7 20. Qd2 f5 21. gxf5 exf5 22. d5 f4 23. Nxf4 gxf4 24. Bxf4 cxd5 25. exd5 Qf6
26. Bc7 Kh8 27. d6 Nd7 28. Bxb7 Bf5 29. Bg2 Bh6 30. f4 Rg8 31. Bxa5 Rxa5 32.
Qxa5 Bxh3 33. Rf2 Qd4 34. Qc3 Rxg2+ 35. Kh1 Qxc3 36. Rxc3 Rxf2 37. Rxh3 Bxf4
38. Rc3 Bxd6 39. Rd3 Rh2+ 40. Kg1 Rh6 0-1

[Event "2.ligaD04/05-7"]
[Site "?"]
[Date "????.??.??"]
[Round "?"]
[White "Zigo, Viktor"]
[Black "Skrenek, Jiri"]
[Result "1-0"]
[WhiteElo "2302"]
[BlackElo "2046"]
[PlyCount "55"]
[EventDate "2005.02.06"]

{192MB, Fritz8.ctg, V-ZIGO} 1. e4 c5 2. Nf3 Nc6 3. g3 d6 4. Bg2 Nf6 5. d3 Bg4
6. h3 Bd7 7. O-O Qc8 8. Kh2 h5 9. Nc3 Nd4 10. Nxd4 cxd4 11. Nd5 e5 12. Nxf6+
gxf6 13. Bd2 f5 14. exf5 Bxf5 15. c3 Bxd3 16. Re1 f5 17. cxd4 e4 18. Bc3 Kf7
19. d5 Bg7 20. Bxg7 Kxg7 21. Rc1 Qd7 22. Qd2 Qf7 23. Qg5+ Kf8 24. Rc3 Re8 25.
Rec1 Rh7 26. Rc8 Qd7 27. Qf6+ Kg8 28. Qg6+ 1-0

[Event "2.ligaD04/05-7"]
[Site "?"]
[Date "????.??.??"]
[Round "?"]
[White "Nekula, Richard"]
[Black "Sedlacek, Oldrich"]
[Result "0-1"]
[WhiteElo "2089"]
[BlackElo "2248"]
[PlyCount "54"]
[EventDate "2005.02.06"]

{192MB, Fritz8.ctg, V-ZIGO} 1. e4 c6 2. d4 d5 3. exd5 cxd5 4. Nf3 Nf6 5. Bd3
Bg4 6. h3 Bh5 7. c3 e6 8. O-O Nc6 9. Re1 Qc7 10. Nbd2 Bd6 11. Qa4 O-O 12. Qc2
Rfe8 13. b3 Rac8 14. a3 a6 15. Bb2 b5 16. Rac1 Qe7 17. c4 Bxa3 18. Bxa3 Qxa3
19. Ra1 Qe7 20. cxb5 Nxd4 21. Qd1 axb5 22. Re5 Nxf3+ 23. Nxf3 b4 24. g4 Bg6 25.
Bb5 Red8 26. Nd4 Ne4 27. Ra2 Nc3 0-1

[Event "2.ligaD04/05-7"]
[Site "?"]
[Date "????.??.??"]
[Round "?"]
[White "Kozlicek, Lubomir"]
[Black "Petlak, Josef"]
[Result "0-1"]
[WhiteElo "2158"]
[BlackElo "2031"]
[PlyCount "112"]
[EventDate "2005.02.06"]

{192MB, Fritz8.ctg, V-ZIGO} 1. e4 e6 2. d4 d5 3. e5 b6 4. c3 Be7 5. Bd3 a5 6.
Ne2 Ba6 7. Bc2 g6 8. Be3 Kf8 9. O-O Kg7 10. Nd2 h5 11. f4 Nh6 12. h3 c5 13. Nf3
h4 14. Ng5 Nf5 15. Bxf5 gxf5 16. Kh1 Nd7 17. Rf2 Bxe2 18. Qxe2 c4 19. Rg1 Bxg5
20. fxg5 Nf8 21. Qc2 Ng6 22. Rgf1 b5 23. a3 Qe7 24. Bd2 Rab8 25. Rf3 Qa7 26.
R3f2 Rb7 27. Qb1 b4 28. axb4 axb4 29. cxb4 Qxd4 30. Bc3 Qe4 31. Qd1 d4 32. Qxd4
Qxd4 33. Bxd4 Rxb4 34. Bc3 Rb7 35. Rd2 Ne7 36. Rf4 Kg6 37. Rxc4 Nd5 38. Bd4 f4
39. Kg1 Kf5 40. Re2 Rh5 41. Bf2 Kxg5 42. Rc8 Kf5 43. Kh2 Ne7 44. Rc4 Rh8 45. b4
Nd5 46. Bc5 Ra8 47. Bd6 Ra1 48. Rf2 Re1 49. Rc8 Ne3 50. Rh8 Nf1+ 51. Rxf1 Rxf1
52. Rxh4 Ra7 53. Rh5+ Ke4 54. h4 f3 55. Rg5 Ra2 56. Rg4+ Kf5 0-1

[Event "2.ligaD04/05-7"]
[Site "?"]
[Date "????.??.??"]
[Round "?"]
[White "Jelen, Jiri"]
[Black "Novotny, Bohuslav"]
[Result "1/2-1/2"]
[WhiteElo "1957"]
[BlackElo "2033"]
[PlyCount "54"]
[EventDate "2005.02.06"]

{192MB, Fritz8.ctg, V-ZIGO} 1. Nf3 Nf6 2. g3 d5 3. Bg2 c5 4. c4 Nc6 5. cxd5
Nxd5 6. Nc3 Nxc3 7. bxc3 e5 8. d3 Be7 9. O-O O-O 10. Bb2 Be6 11. Qc2 Qd7 12.
Rfd1 Rac8 13. Qa4 Rfd8 14. c4 Bd6 15. Ng5 Bf5 16. Bd5 Rf8 17. Ne4 Rfe8 18. Nxd6
Qxd6 19. Rd2 b6 20. Rad1 Bg4 21. f3 Bd7 22. Bxc6 Qxc6 23. Qxc6 Bxc6 24. Kf2
Rcd8 25. e4 Rd6 26. Ke3 f6 27. Rf1 Red8 1/2-1/2

[Event "2.ligaD04/05-7"]
[Site "?"]
[Date "????.??.??"]
[Round "?"]
[White "Uhmann, Jan"]
[Black "Mares, Jaroslav"]
[Result "1/2-1/2"]
[WhiteElo "2217"]
[BlackElo "2089"]
[PlyCount "114"]
[EventDate "2005.02.06"]

1. d4 d5 2. Bg5 h6 3. Bh4 Bf5 4. Nd2 Nd7 5. e3 Ngf6 6. Ngf3 e6 7. c4 c6 8. Qb3
b6 9. cxd5 exd5 10. Ba6 Qc7 11. Rc1 Bd6 12. Bg3 Bxg3 13. hxg3 O-O 14. O-O Rab8
15. Ne5 c5 16. Nxd7 Bxd7 17. Be2 Rfe8 18. Nf3 c4 19. Qa3 b5 20. b4 Bg4 21. Rfe1
Ne4 22. Qb2 Rb6 23. Bf1 Rf6 24. Be2 a5 25. a3 axb4 26. Qxb4 Rb8 27. Ne5 Bxe2
28. Rxe2 Ra6 29. Nd3 Ra4 30. Qb2 Qd6 31. Nb4 Rba8 32. Nc2 Qd7 33. Ra1 R8a5 34.
Ree1 Qf5 35. Rf1 Nd2 36. Rfe1 Ne4 37. Nb4 c3 38. Qe2 Rxa3 39. Rxa3 Rxa3 40. g4
Qd7 41. f3 Nd2 42. Qd3 Qd6 43. Nc2 Rb3 44. e4 dxe4 45. fxe4 b4 46. e5 Qb6 47.
Ne3 Qd8 48. Ra1 Rb2 49. d5 Nb3 50. Rf1 Qb6 51. Kh1 Ra2 52. d6 Nd4 53. d7 Ne6
54. Nd5 Qd8 55. Nxb4 Rd2 56. Qxc3 Qxd7 57. Qf3 Ng5 1/2-1/2

[Event "2.ligaD04/05-7"]
[Site "?"]
[Date "????.??.??"]
[Round "?"]
[White "Cap, Martin"]
[Black "Cip, Dalibor"]
[Result "1/2-1/2"]
[WhiteElo "2059"]
[BlackElo "2193"]
[PlyCount "41"]
[EventDate "2005.02.06"]

1. Nf3 c5 2. e4 d6 3. c3 Nf6 4. Be2 Nc6 5. Qc2 Bg4 6. O-O Rc8 7. d3 e6 8. Bg5
Be7 9. Nbd2 h6 10. Bh4 O-O 11. Nc4 b5 12. e5 bxc4 13. exf6 Bxf6 14. Bxf6 Qxf6
15. dxc4 Rfd8 16. Rad1 Bxf3 17. Bxf3 Ne5 18. Be2 d5 19. cxd5 exd5 20. Qa4 Qb6
21. Rd2 1/2-1/2